Il sesso e l'adolescente : elementi di educazione alla vita sessuale : testo per gli insegnanti /

Gespeichert in:
Bibliographische Detailangaben
1. Verfasser: Giani Gallino, Tilde (Verfasst von)
Format: Buch
Sprache:Italienisch
Veröffentlicht: Torino : Ediscientifica, 1971
Schlagworte:
Tags: Tag hinzufügen
Keine Tags, Fügen Sie das erste Tag hinzu!

MARC

LEADER 00000nam a22000007i 4500
001 IT\ICCU\SBL\0382616
003 ItRI
005 20260115232353.0
008 910930s1971 it |||||| ||||| |||||c
015 |2 IT  |a 726772 
040 |b ita  |c importazione bologna sebina 
041 7 |a ita  |2 ISO-639-2 
082 |a 301.41  |9 SESSO  |2 17 
100 1 |a Giani Gallino, Tilde  |0 IT\ICCU\CFIV\067784  |4 aut 
245 1 3 |a Il sesso e l'adolescente :  |b elementi di educazione alla vita sessuale : testo per gli insegnanti /  |c Tilde Giani Gallino. 
260 |a Torino :  |b Ediscientifica,  |c 1971 
300 |a 60 p. ;  |c 24 cm. 
650 7 |a Adolescenti  |x Educazione sessuale 
942 |2 ddc  |c BK  |n 0 
952 |0 0  |1 0  |4 0  |6 DOC_613_953000000000000_GIA  |7 0  |9 24973  |a BO  |b BO  |d 2026-01-15  |i 2403  |l 0  |o DOC 613.953 GIA  |p BO2403  |r 2026-01-15 23:23:53  |w 2026-01-15  |x [Sebina 7] [1 v.]  |y BK  |z 1 v. 
999 |c 21218  |d 21218